000 00628nam a22002293a 4500
999 _c8836
_d8836
001 8836
003 BD - JhCC
005 20180712120643.0
008 500101s1921 xx 000 1 und d
035 _a(BD - JhCC)8836
040 _aEQO
_cEQO
_dBD-JhCC
041 _aeng
082 _bMAR 1921
_a420.7
100 1 _aMarriott, James William.
245 1 2 _aA year's work in English /
_c James William Marriott,
260 _aLond. &c,
_c(1921)
300 _a175 p. :
_c18 cm.
650 _aEnglish language--Study and teaching
650 _aEnglish language--Composition and exercises
942 _2ddc
_cBK